| 000 | 00548nam a22001937a 4500 | ||
|---|---|---|---|
| 003 | CEME | ||
| 005 | 20210628203524.0 | ||
| 008 | 210126b xxu||||| |||| 00| 0 eng d | ||
| 020 | _a0-471-20812-4 | ||
| 040 | _c. | ||
| 082 | _a621.31042 HAW | ||
| 100 |
_aEl-Hawary, Mohamed. E _965997 |
||
| 245 | _aPrinciples of electric machines with power electronic applications | ||
| 250 | _a2ND | ||
| 260 |
_aNEW YORK _bJOHN WILEY _c2002 |
||
| 300 | _a X483P | ||
| 650 |
_aELECTRIC MACHINES WITH POWER ELECTRONIC APPLICATIONS _965998 |
||
| 942 |
_cBK _2ddc |
||
| 999 |
_c574053 _d574053 |
||